000 01123nam a22003377a 4500
003 CHAP
005 20220817041753.0
008 971013s1986 r 00010 d
010 _a23943
011 _a24915
035 _a29015
040 _cCHAP
090 _aTesis
100 0 0 _aIbáñez Castillo, Laura Alicia.
_957233
245 _aAnálisis de la producción de los Distritos de Riego
260 _aChapingo, Méx. :
_bEl autor,
_c1986
300 _a145 h.
_b; gráfs
502 _aTesis (Ing. Agr. Esp. en Irrigación) -- UACH. Departamento de Irrigación
590 _aALEPH
_b10
_c20130110
_lUCH01
_h1248
590 _aBATCH-UPD
_b10
_c20130110
_lUCH01
_h1234
590 _aBATCH-UPD
_b10
_c20130410
_lUCH01
_h0803
590 _aBATCH-UPD
_b10
_c20130914
_lUCH01
_h1118
590 _aCONVERSION
_b10
_c20130109
_lUCH01
_h1314
650 1 4 _aCultivos
_xCostos de producción.
_930247
650 1 4 _aCultivos
_xEstadísticas.
_930269
650 1 4 _aDistritos de riego
_xMéxico.
_932978
650 1 4 _aPolítica agrícola
_zMéxico.
901 _aBK
942 _cTESIS
949 _bBC
_cTES
_d-67079
_eTS1
_h19235
_i29015
_si
999 _c23943
_d23943